[Event "Cappelle op 32nd"]
[Site "Cappelle la Grande"]
[Date "2016.02.15"]
[Round "4"]
[White "Menendez Rey, Francisco Javier"]
[Black "Grinev, Valeriy"]
[Result "0-1"]
[WhiteElo "2210"]
[BlackElo "2403"]
[PlyCount "88"]
[EventDate "2016.02.13"]
[EventType "swiss"]
[EventRounds "9"]
[EventCountry "FRA"]
[SourceTitle "EXT 2017"]
[Source "ChessBase"]
[SourceDate "2016.10.25"]
[SourceVersion "1"]
[SourceVersionDate "2016.10.25"]
[SourceQuality "1"]

1. b3 e5 2. Bb2 Nc6 3. e3 Nf6 4. Bb5 Bd6 5. Na3 a6 6. Bxc6 dxc6 7. Nc4 Qe7 8. Ne2 0-0 9. 0-0 e4 10. Nxd6 cxd6 11. Ng3 Re8 12. f3 exf3 13. Qxf3 Ng4 14. Rae1 Ne5 15. Qf2 Be6 16. h3 f6 17. d4 Nf7 18. e4 d5 19. Nh5 Ng5 20. Qg3 Kh8 21. exd5 cxd5 22. h4 Ne4 23. Rxe4 dxe4 24. d5 Rf8 25. c4 Bd7 26. Rf4 Rf7 27. Qe3 Re8 28. Ng3 Qd8 29. h5 h6 30. Bc3 Kg8 31. Nf5 Bxf5 32. Rxf5 Qd7 33. g4 Rfe7 34. Kh1 Rc8 35. Bd4 Ree8 36. a4 b5 37. c5 bxa4 38. c6 Qd6 39. Bc5 Qb8 40. bxa4 Qb1+ 41. Kg2 Qc2+ 42. Kh3 Rb8 43. Bb6 Rxb6 44. Qxb6 e3 0-1

[Event "Cappelle op 32nd"]
[Site "Cappelle la Grande"]
[Date "2016.02.13"]
[Round "1"]
[White "Gourlay, Iain"]
[Black "Menendez Rey, Francisco Javier"]
[Result "1-0"]
[WhiteElo "2412"]
[BlackElo "2210"]
[PlyCount "103"]
[EventDate "2016.02.13"]
[EventType "swiss"]
[EventRounds "9"]
[EventCountry "FRA"]
[SourceTitle "EXT 2017"]
[Source "ChessBase"]
[SourceDate "2016.10.25"]
[SourceVersion "1"]
[SourceVersionDate "2016.10.25"]
[SourceQuality "1"]

1. Nf3 e6 2. c4 f5 3. g3 Nf6 4. Bg2 Be7 5. 0-0 0-0 6. Nc3 d6 7. b4 e5 8. d4 e4 9. Ne1 Qe8 10. f3 exf3 11. exf3 c6 12. Nc2 Qf7 13. d5 cxd5 14. cxd5 Na6 15. f4 Bd7 16. Bb2 Bd8 17. a4 Rc8 18. a5 Rc4 19. Qd3 Nxb4 20. Nxb4 Rxb4 21. Ba3 Bxa5 22. Bxb4 Bxb4 23. Rac1 Bc5+ 24. Kh1 Ng4 25. Nd1 Re8 26. Bf3 a6 27. Qc2 h5 28. h3 Nf6 29. Kh2 Ne4 30. Qg2 Nf6 31. Qd2 Bb5 32. Re1 Rxe1 33. Qxe1 Bd7 34. Qe2 g6 35. Nc3 b5 36. Ra1 Bc8 37. Rc1 Kf8 38. Qd3 Bd7 39. Ra1 b4 40. Na4 Bb5 41. Qc2 Bxa4 42. Qxa4 Qe7 43. Qxa6 Qe3 44. Qc8+ Kg7 45. Qc7+ Kh6 46. Rf1 h4 47. Qf7 hxg3+ 48. Kg2 Nh7 49. Kxg3 Qd3 50. Re1 Qd2 51. Re2 Qc1 52. Qe7 1-0

[Event "Gijon RGCC op 3rd"]
[Site "Gijon"]
[Date "2015.07.18"]
[Round "9"]
[White "Menendez Rey, Francisco Javier"]
[Black "Vidarte Morales, Arturo"]
[Result "1/2-1/2"]
[WhiteElo "2213"]
[BlackElo "2319"]
[PlyCount "142"]
[EventDate "2015.07.11"]
[EventType "swiss"]
[EventRounds "9"]
[EventCountry "ESP"]
[SourceTitle "EXT 2024"]
[Source "ChessBase"]
[SourceDate "2023.10.10"]
[SourceVersion "1"]
[SourceVersionDate "2023.10.10"]
[SourceQuality "1"]

1. d4 Nf6 2. Bg5 d5 3. Nc3 c6 4. f3 g6 5. e4 Bg7 6. e5 Nfd7 7. f4 f6 8. Bh4 0-0 9. Nf3 Nb6 10. b3 Bh6 11. Bg3 Bg4 12. Be2 Bxf3 13. Bxf3 fxe5 14. fxe5 e6 15. 0-0 Qe7 16. Qd3 Na6 17. a3 Qg5 18. Rae1 Qd2 19. Rd1 Qe3+ 20. Qxe3 Bxe3+ 21. Bf2 Bg5 22. Bg4 Nc7 23. h4 Be7 24. a4 a6 25. g3 Rae8 26. Ne2 Rf7 27. Be3 Rxf1+ 28. Rxf1 Nc8 29. h5 Kg7 30. hxg6 hxg6 31. Nf4 Bb4 32. Nh3 Ne7 33. Rf6 Ng8 34. Rf3 Ne7 35. Bg5 Nf5 36. Bf6+ Kg8 37. c3 Be7 38. Ng5 Bxf6 39. exf6 Rf8 40. Bh3 a5 41. Bf1 c5 42. dxc5 e5 43. g4 Nh6 44. Bh3 e4 45. Rf4 Nf7 46. Nxf7 Kxf7 47. g5 Rh8 48. Bg4 Ne6 49. Bxe6+ Kxe6 50. f7 Rf8 51. Rf6+ Ke5 52. Kf2 d4 53. cxd4+ Kxd4 54. Ke2 Kxc5 55. Ke3 Kd5 56. Rxg6 Rxf7 57. Rf6 Rh7 58. Rf5+ Ke6 59. Kxe4 Rh4+ 60. Rf4 Rh3 61. Rf3 Rh4+ 62. Kd3 Rg4 63. Rf6+ Kd7 64. Rb6 Rxg5 65. Rxb7+ Kc6 66. Rh7 Rg3+ 67. Kc4 Rg4+ 68. Kc3 Rg3+ 69. Kb2 Rg2+ 70. Ka3 Kb6 71. Rh6+ Kb7 1/2-1/2

[Event "ESP-ch 77th"]
[Site "San Agustin"]
[Date "2012.10.06"]
[Round "8"]
[White "Marrero Cardenes, Agustin"]
[Black "Menendez Rey, Francisco Javier"]
[Result "0-1"]
[WhiteElo "1937"]
[BlackElo "2229"]
[PlyCount "99"]
[EventDate "2012.09.29"]
[EventType "swiss"]
[EventRounds "9"]
[EventCountry "ESP"]
[SourceTitle "EXT 2014"]
[Source "ChessBase"]
[SourceDate "2013.11.20"]
[SourceVersion "1"]
[SourceVersionDate "2013.11.20"]
[SourceQuality "1"]

1. d4 e6 2. c4 f5 3. g3 Nf6 4. Bg2 c6 5. Nh3 d5 6. 0-0 Bd6 7. Qc2 0-0 8. Bf4 Be7 9. Nd2 Nh5 10. Nf3 Nd7 11. c5 h6 12. Ne5 g5 13. Bd2 Nxe5 14. dxe5 Bd7 15. f3 Be8 16. Nf2 Bg6 17. b4 Kh7 18. f4 gxf4 19. gxf4 Rg8 20. Kh1 Rg7 21. Nd3 Bh4 22. Rf3 Qe7 23. Rh3 Bf7 24. Bf3 Rag8 25. Rf1 a6 26. Qd1 Rg4 27. Be1 Bxe1 28. Qxe1 Ng7 29. e3 Rg6 30. Nc1 Ne8 31. Nb3 Nc7 32. a4 Be8 33. Na5 d4 34. exd4 Nd5 35. Bh5 R6g7 36. Bxe8 Rxe8 37. Rg3 Reg8 38. Nc4 Kh8 39. Ne3 Qd7 40. Rfg1 Nxf4 41. Qd1 Kh7 42. Qd2 Ng6 43. Rh3 Nf4 44. Rhg3 Rxg3 45. hxg3 Ng6 46. Rf1 Rd8 47. Nc2 Nxe5 48. Qf4 Ng4 49. Kg1 Qd5 50. a5 0-1

[Event "ESP-ch 77th"]
[Site "San Agustin"]
[Date "2012.10.03"]
[Round "5"]
[White "Menendez Rey, Francisco Javier"]
[Black "Alsina Leal, Daniel"]
[Result "0-1"]
[WhiteElo "2229"]
[BlackElo "2528"]
[PlyCount "46"]
[EventDate "2012.09.29"]
[EventType "swiss"]
[EventRounds "9"]
[EventCountry "ESP"]
[SourceTitle "CBM 150 Extra"]
[Source "ChessBase"]
[SourceDate "2012.10.19"]
[SourceVersion "1"]
[SourceVersionDate "2012.10.19"]
[SourceQuality "1"]

1. d4 Nf6 2. Nc3 d5 3. Bg5 Nbd7 4. Nf3 g6 5. e3 Bg7 6. Be2 0-0 7. 0-0 c6 8. Rb1 Re8 9. Ne5 Nxe5 10. dxe5 Nd7 11. e4 f6 12. Bh4 dxe4 13. Bc4+ Kh8 14. Bf7 Rf8 15. e6 Nc5 16. Qxd8 Rxd8 17. Rfe1 g5 18. Bg3 f5 19. Bc7 Rd2 20. g4 Bxe6 21. Bh5 Rxc2 22. gxf5 Bxf5 23. Ne2 Nd3 0-1

[Event "Oviedo op 3rd"]
[Site "Oviedo"]
[Date "2008.07.29"]
[Round "7"]
[White "Menendez Rey, Francisco Javier"]
[Black "Garcia Alvarez, Javier"]
[Result "1-0"]
[WhiteElo "2222"]
[BlackElo "1883"]
[PlyCount "91"]
[EventDate "2008.07.23"]
[EventType "swiss"]
[EventRounds "9"]
[EventCountry "ESP"]
[SourceTitle "CBM 125 Extra"]
[Source "ChessBase"]
[SourceDate "2008.09.01"]
[SourceVersion "1"]
[SourceVersionDate "2008.09.01"]
[SourceQuality "1"]

1. d4 Nf6 2. Nc3 d5 3. Bg5 Nbd7 4. e3 g6 5. Bd3 Bg7 6. f4 h6 7. Bh4 Nb6 8. Nf3 c6 9. Ne5 Bf5 10. 0-0 Bxd3 11. cxd3 Qd6 12. a3 Nfd7 13. b4 a6 14. Qb3 Bf6 15. Bg3 Qe6 16. Ne2 Bg7 17. f5 gxf5 18. Nf4 Qd6 19. Nh5 Bxe5 20. dxe5 Qg6 21. Nf4 Qg5 22. Qc3 e6 23. a4 0-0 24. a5 Nc8 25. Rf3 Ne7 26. Bh4 Qxh4 27. Rh3 Qxh3 28. Nxh3 Ng6 29. d4 f6 30. Nf4 Nxf4 31. exf4 fxe5 32. fxe5 Kf7 33. Qh3 Rh8 34. Rf1 h5 35. Qh4 Rag8 36. h3 Ke8 37. Rf3 Kf7 38. Kf2 Ke8 39. Rg3 Rxg3 40. Kxg3 Rh7 41. Kf2 Kf7 42. Ke2 Rh8 43. g4 fxg4 44. hxg4 Kg6 45. gxh5+ Rxh5 46. Qg4+ 1-0

[Event "Oviedo op 3rd"]
[Site "Oviedo"]
[Date "2008.07.28"]
[Round "6"]
[White "Garrido Moreno, Angel Luis"]
[Black "Menendez Rey, Francisco Javier"]
[Result "0-1"]
[WhiteElo "2027"]
[BlackElo "2222"]
[PlyCount "92"]
[EventDate "2008.07.23"]
[EventType "swiss"]
[EventRounds "9"]
[EventCountry "ESP"]
[SourceTitle "CBM 125 Extra"]
[Source "ChessBase"]
[SourceDate "2008.09.01"]
[SourceVersion "1"]
[SourceVersionDate "2008.09.01"]
[SourceQuality "1"]

1. e4 Nf6 2. Nc3 d6 3. d4 Nbd7 4. Nf3 e5 5. dxe5 dxe5 6. Bg5 Bb4 7. Bd3 c6 8. 0-0 Qe7 9. Ne2 h6 10. Bd2 Bc5 11. Ng3 g6 12. Bc3 h5 13. Qd2 h4 14. Ne2 h3 15. g3 Rh5 16. b4 Bb6 17. Kh1 Nf8 18. Neg1 Ng4 19. a4 a6 20. Nh4 Rxh4 21. gxh4 Qxh4 22. f3 Nf2+ 23. Rxf2 Bxf2 24. Bxe5 Be6 25. Qf4 Qh5 26. Rf1 Ba7 27. b5 cxb5 28. axb5 Nd7 29. Bb2 Bb8 30. Qd2 axb5 31. f4 Qc5 32. Nf3 Ra4 33. Qe2 Bxf4 34. Bxb5 Ra2 35. c4 Qb4 36. Bc3 Rxe2 37. Bxb4 Bg4 38. Nd4 Rxh2+ 39. Kg1 Rg2+ 40. Kh1 Bd2 41. Bd6 Bc3 42. Nb3 b6 43. c5 bxc5 44. Nxc5 Bd4 45. Nd3 Rd2 46. Nb4 Bf2 0-1

[Event "Oviedo op 3rd"]
[Site "Oviedo"]
[Date "2008.07.26"]
[Round "4"]
[White "Miranda Gonzalez, Jose Luis"]
[Black "Menendez Rey, Francisco Javier"]
[Result "0-1"]
[WhiteElo "2003"]
[BlackElo "2222"]
[PlyCount "128"]
[EventDate "2008.07.23"]
[EventType "swiss"]
[EventRounds "9"]
[EventCountry "ESP"]
[SourceTitle "CBM 125 Extra"]
[Source "ChessBase"]
[SourceDate "2008.09.01"]
[SourceVersion "1"]
[SourceVersionDate "2008.09.01"]
[SourceQuality "1"]

1. e4 Nf6 2. e5 Nd5 3. d4 d6 4. c4 Nb6 5. exd6 cxd6 6. Nc3 g6 7. Be3 Bg7 8. Rc1 0-0 9. b3 e6 10. Be2 Bd7 11. Bf3 Bc6 12. d5 exd5 13. cxd5 Bxc3+ 14. Rxc3 Nxd5 15. Bxd5 Qa5 16. Bxf7+ Rxf7 17. Qd2 Nd7 18. Nf3 Re8 19. Rd3 Qh5 20. Rxd6 Qg4 21. Kf1 Bxf3 22. gxf3 Qh3+ 23. Ke1 Ne5 24. Qd5 Qg2 25. f4 Nf3+ 26. Ke2 Qxh1 27. Qxf3 Qxf3+ 28. Kxf3 b6 29. Kg4 Rfe7 30. a4 Kf7 31. b4 Re6 32. Rd5 Re4 33. Rb5 R8e6 34. Kf3 a6 35. Rd5 Rxb4 36. a5 bxa5 37. Rxa5 Rb5 38. Ra4 Kf6 39. h4 Kf5 40. Rc4 Rd6 41. Rc7 h5 42. Rf7+ Ke6 43. Rg7 Kd5 44. f5 Rf6 45. Rxg6 Rxg6 46. fxg6 Ke6 47. Bd4 a5 48. Ke4 Rb1 49. Kf4 Rg1 50. g7 Kf7 51. f3 Rd1 52. Be5 a4 53. Kg5 Rg1+ 54. Kh6 Kg8 55. f4 a3 56. f5 Re1 57. Bc3 Rc1 58. Bd4 Rc4 59. Ba1 Rxh4 60. f6 Rh1 61. Bd4 Rh4 62. f7+ Kxf7 63. Bf6 Rg4 64. Kxh5 Rxg7 0-1

[Event "Oviedo op 3rd"]
[Site "Oviedo"]
[Date "2008.07.25"]
[Round "3"]
[White "Menendez Rey, Francisco Javier"]
[Black "Alvarez Pedraza, Aramis"]
[Result "0-1"]
[WhiteElo "2222"]
[BlackElo "2453"]
[PlyCount "118"]
[EventDate "2008.07.23"]
[EventType "swiss"]
[EventRounds "9"]
[EventCountry "ESP"]
[SourceTitle "CBM 125 Extra"]
[Source "ChessBase"]
[SourceDate "2008.09.01"]
[SourceVersion "1"]
[SourceVersionDate "2008.09.01"]
[SourceQuality "1"]

1. d4 Nf6 2. Nc3 g6 3. e4 d6 4. h3 Bg7 5. Be3 a6 6. g4 b5 7. e5 Nfd7 8. Bg2 c6 9. exd6 exd6 10. Nge2 Nb6 11. b3 0-0 12. a4 bxa4 13. Nxa4 Nd5 14. Bd2 f5 15. g5 f4 16. Bxd5+ cxd5 17. Bxf4 Bf5 18. Qd2 Nc6 19. Be3 Be4 20. Rg1 Qc7 21. Rc1 Rae8 22. Kf1 Qd7 23. Rg3 Rf3 24. Rxf3 Bxf3 25. Ng1 Qf5 26. Qd3 Be4 27. Qd2 a5 28. Nc3 Bh1 29. Nce2 Qe4 30. c3 Qg2+ 31. Ke1 Ne7 32. Kd1 Nf5 33. Bf4 Qxf2 34. Kc2 Be4+ 35. Kb2 Rb8 36. Qe1 Qg2 37. Qf1 Qxf1 38. Rxf1 Bd3 39. Ra1 Rb5 40. Rd1 Bc4 41. Nc1 Bxb3 42. Nxb3 a4 43. Kc2 axb3+ 44. Kb2 h6 45. gxh6 Bxh6 46. Bxh6 Nxh6 47. Ne2 Nf5 48. Rd3 Ne7 49. Nc1 Nc6 50. Rg3 Na5 51. Nd3 Nc4+ 52. Kb1 Kh7 53. Nb4 Kh6 54. h4 Ra5 55. Rg2 Ra8 56. Rg1 Re8 57. Nxd5 Re2 58. Rxg6+ Kh7 59. Rg1 Na3+ 0-1

[Event "Trevias San Miguel op"]
[Site "Trevias"]
[Date "2007.09.18"]
[Round "2.4"]
[White "Acebal Muniz, Antonio"]
[Black "Menendez Rey, Francisco Javier"]
[Result "0-1"]
[WhiteElo "2203"]
[BlackElo "2251"]
[PlyCount "100"]
[EventDate "2007.09.17"]
[EventType "swiss"]
[EventRounds "7"]
[EventCountry "ESP"]
[SourceTitle "EXT 2024"]
[Source "ChessBase"]
[SourceDate "2023.10.10"]
[SourceVersion "1"]
[SourceVersionDate "2023.10.10"]
[SourceQuality "1"]

1. Nf3 d6 2. d4 g6 3. c4 Bg7 4. Nc3 Nd7 5. e4 e5 6. Be2 c6 7. 0-0 Nh6 8. dxe5 dxe5 9. Be3 0-0 10. Qd6 f6 11. c5 Nf7 12. Bc4 Kh8 13. Bxf7 Rxf7 14. Rfd1 Qe8 15. b4 Nf8 16. Qd8 Bg4 17. Qxe8 Rxe8 18. Rd6 Bxf3 19. gxf3 f5 20. Rad1 f4 21. Bc1 Ne6 22. Ne2 Kg8 23. Bb2 g5 24. h3 Nf8 25. Nc1 Ng6 26. Kf1 Bf8 27. Rd8 Rfe7 28. Nb3 b6 29. cxb6 axb6 30. a4 Kf7 31. a5 Rxd8 32. Rxd8 bxa5 33. Nxa5 Rc7 34. Bc3 Be7 35. Rb8 Bd6 36. Nc4 Ke6 37. Rb6 Ne7 38. b5 Bc5 39. Ra6 Bd4 40. Bxd4 exd4 41. Na5 Rc8 42. Ke2 Ke5 43. Nxc6+ Nxc6 44. Rxc6 Ra8 45. Rc5+ Kf6 46. b6 Ra2+ 47. Kd3 Rb2 48. Rc6+ Ke5 49. Rc5+ Kf6 50. Rc7 Rxb6 0-1

[Event "Cambados op 23rd"]
[Site "Cambados"]
[Date "2007.08.06"]
[Round "5"]
[White "Menendez Rey, Francisco Javier"]
[Black "Pena Torres, Jose Carlos"]
[Result "1-0"]
[WhiteElo "2251"]
[BlackElo "2131"]
[PlyCount "69"]
[EventDate "2007.08.02"]
[EventType "swiss"]
[EventRounds "9"]
[EventCountry "ESP"]
[SourceTitle "CBM 119 Extra"]
[Source "ChessBase"]
[SourceDate "2007.09.04"]
[SourceVersion "1"]
[SourceVersionDate "2007.09.04"]
[SourceQuality "1"]

1. d4 e6 2. Bf4 Nf6 3. Nd2 d5 4. e3 Nbd7 5. Bd3 c5 6. c3 g6 7. h3 Bg7 8. Ngf3 0-0 9. 0-0 b6 10. b4 Qe7 11. bxc5 bxc5 12. Bh2 cxd4 13. cxd4 Bb7 14. Qb3 Bc6 15. Rfc1 Rac8 16. Ba6 Rb8 17. Bxb8 Rxb8 18. Qc3 Rb6 19. Bf1 Ne4 20. Nxe4 dxe4 21. Nd2 h6 22. Nc4 Rb8 23. Na5 Bd5 24. Nc6 Bxc6 25. Qxc6 Nf6 26. Qc7 Rb7 27. Qxe7 Rxe7 28. Rab1 Nd5 29. a4 a5 30. Rb5 Ra7 31. Rc8+ Kh7 32. Rbb8 Nc7 33. Bb5 f5 34. Bc6 e5 35. d5 1-0

[Event "Cambados op 23rd"]
[Site "Cambados"]
[Date "2007.08.03"]
[Round "2"]
[White "Carrey Abellan, Enric"]
[Black "Menendez Rey, Francisco Javier"]
[Result "0-1"]
[WhiteElo "1970"]
[BlackElo "2251"]
[PlyCount "68"]
[EventDate "2007.08.02"]
[EventType "swiss"]
[EventRounds "9"]
[EventCountry "ESP"]
[SourceTitle "CBM 119 Extra"]
[Source "ChessBase"]
[SourceDate "2007.09.04"]
[SourceVersion "1"]
[SourceVersionDate "2007.09.04"]
[SourceQuality "1"]

1. d4 d6 2. Nf3 g6 3. c4 Bg7 4. Nc3 Nd7 5. h3 e5 6. Bg5 f6 7. Bh4 Nh6 8. Bg3 0-0 9. e3 c6 10. Be2 Nf7 11. 0-0 f5 12. Rc1 g5 13. Qc2 Qf6 14. b4 h5 15. c5 h4 16. Bh2 g4 17. hxg4 fxg4 18. Nd2 d5 19. dxe5 Ndxe5 20. Nb3 Bf5 21. Qd1 Qg6 22. Nd4 Bd7 23. Qc2 Qf6 24. Kh1 Rae8 25. b5 Kh8 26. Qd1 Bh6 27. Bg1 Rg8 28. bxc6 bxc6 29. f4 Ng6 30. Bd3 Ne7 31. Qc2 g3 32. Rce1 h3 33. e4 Qh4 34. Nf3 hxg2+ 0-1

[Event "Oviedo op"]
[Site "Oviedo"]
[Date "2007.07.28"]
[Round "8"]
[White "Menendez Rey, Francisco Javier"]
[Black "Luch, Michal"]
[Result "1/2-1/2"]
[WhiteElo "2251"]
[BlackElo "2362"]
[PlyCount "45"]
[EventDate "2007.07.21"]
[EventType "swiss"]
[EventRounds "9"]
[EventCountry "ESP"]
[SourceTitle "EXT 2008"]
[Source "ChessBase"]
[SourceDate "2007.11.25"]
[SourceVersion "1"]
[SourceVersionDate "2007.11.25"]
[SourceQuality "1"]

1. d4 Nf6 2. Nc3 d5 3. Bg5 Nbd7 4. e3 e6 5. Qf3 h6 6. Bh4 Bb4 7. a3 Bxc3+ 8. bxc3 c5 9. Bb5 Qa5 10. Bxd7+ Bxd7 11. Ne2 Ne4 12. 0-0 Bb5 13. Rfe1 0-0 14. Ng3 Nxg3 15. Qxg3 Kh7 16. Be7 Rfc8 17. dxc5 Qxc3 18. Rec1 Rc6 19. Bd6 f6 20. Qg4 Re8 21. Qd4 Qa5 22. Qb4 Ra6 23. Rcb1 1/2-1/2

[Event "Oviedo op"]
[Site "Oviedo"]
[Date "2007.07.24"]
[Round "4"]
[White "Menendez Rey, Francisco Javier"]
[Black "Yanez Acin, Gonzalo"]
[Result "1/2-1/2"]
[WhiteElo "2251"]
[BlackElo "1958"]
[PlyCount "126"]
[EventDate "2007.07.21"]
[EventType "swiss"]
[EventRounds "9"]
[EventCountry "ESP"]
[SourceTitle "EXT 2008"]
[Source "ChessBase"]
[SourceDate "2007.11.25"]
[SourceVersion "1"]
[SourceVersionDate "2007.11.25"]
[SourceQuality "1"]

1. d4 Nf6 2. Nc3 d5 3. Bg5 Nbd7 4. e3 e6 5. f4 Be7 6. Nf3 h6 7. Bxf6 Nxf6 8. Bd3 c5 9. 0-0 0-0 10. Kh1 a6 11. Ne5 Bd7 12. g4 c4 13. Be2 Nh7 14. Bf3 Bc6 15. Ne2 Bd6 16. Qe1 Rc8 17. Qf2 Bxe5 18. dxe5 Qe7 19. Nd4 Rc7 20. Qg3 Re8 21. h4 Kh8 22. Rf2 g6 23. Rg1 Rcc8 24. c3 Rg8 25. Qh2 Rce8 26. Bd1 Rg7 27. Bc2 Nf8 28. Rg3 Nd7 29. Rh3 Nc5 30. Qg2 Bd7 31. Qf3 Bc6 32. Rd2 Rgg8 33. h5 g5 34. fxg5 Rxg5 35. Qf4 Reg8 36. Rg3 Ne4 37. Bxe4 dxe4 38. Kh2 Bd5 39. Kh3 Kh7 40. Rf2 R8g7 41. Qf6 Qc7 42. Ne2 Qxe5 43. Qxe5 Rxe5 44. Rf6 Reg5 45. Nf4 Bc6 46. Kh4 Be8 47. Rg2 Ra5 48. a3 Rgg5 49. Rd2 Kg7 50. Rxe6 Rxg4+ 51. Kxg4 fxe6 52. Nxe6+ Kf6 53. Nf4 Rg5+ 54. Kh4 Bf7 55. Rd6+ Kg7 56. Rb6 Rb5 57. Rxb5 axb5 58. Ne2 Kf6 59. Kg4 Ke5 60. Nf4 Be8 61. Ne2 Bd7+ 62. Kh4 Be6 63. Nd4 Bd7 1/2-1/2

[Event "Albarino op"]
[Site "Albarino"]
[Date "2006.07.07"]
[Round "5"]
[White "Menendez Rey, Francisco Javier"]
[Black "Perez Fungueiro, Manuel Antonio"]
[Result "0-1"]
[WhiteElo "2251"]
[BlackElo "2194"]
[PlyCount "80"]
[EventDate "2006.07.03"]
[EventType "swiss"]
[EventRounds "9"]
[EventCountry "ESP"]
[SourceTitle "CBM 113 Extra"]
[Source "ChessBase"]
[SourceDate "2006.09.14"]
[SourceVersion "1"]
[SourceVersionDate "2006.09.14"]
[SourceQuality "1"]

1. b3 e5 2. Bb2 d6 3. e3 Nf6 4. Nf3 g6 5. Be2 Bg7 6. 0-0 0-0 7. c4 c5 8. Nc3 Nc6 9. d4 e4 10. Ne1 h5 11. Nc2 Bf5 12. dxc5 dxc5 13. Nb5 Qb6 14. Qe1 Rfd8 15. a4 a6 16. a5 Nxa5 17. Rxa5 axb5 18. Rxb5 Qc7 19. b4 b6 20. bxc5 bxc5 21. Ba3 Nd7 22. Qb1 Rdb8 23. Rd1 Rxb5 24. cxb5 Be5 25. h3 Nb6 26. Bb2 Ra4 27. Bxe5 Qxe5 28. Rd8+ Kg7 29. Qd1 Ra2 30. g4 hxg4 31. hxg4 Be6 32. Kg2 Qg5 33. Nd4 Bd7 34. Nc6 Rxe2 35. Qxe2 Bxg4 36. Qb2+ f6 37. f4 exf3+ 38. Kh1 Qh4+ 39. Qh2 Qe1+ 40. Qg1 f2 0-1

[Event "Albarino op"]
[Site "Albarino"]
[Date "2006.07.06"]
[Round "4"]
[White "Menendez Rey, Francisco Javier"]
[Black "Nemeth, Francisc"]
[Result "1/2-1/2"]
[WhiteElo "2251"]
[BlackElo "2458"]
[PlyCount "139"]
[EventDate "2006.07.03"]
[EventType "swiss"]
[EventRounds "9"]
[EventCountry "ESP"]
[SourceTitle "CBM 113 Extra"]
[Source "ChessBase"]
[SourceDate "2006.09.14"]
[SourceVersion "1"]
[SourceVersionDate "2006.09.14"]
[SourceQuality "1"]

1. e4 c5 2. Nf3 d6 3. Bb5+ Nd7 4. 0-0 Ngf6 5. Re1 a6 6. Bf1 b6 7. c4 Bb7 8. Nc3 Ne5 9. Nxe5 dxe5 10. d3 e6 11. a3 Bd6 12. b4 0-0 13. Rb1 Nd7 14. g3 Qe7 15. b5 axb5 16. Nxb5 Ra6 17. Bg2 Nb8 18. f4 Nc6 19. f5 f6 20. g4 Nd4 21. Nc3 g6 22. Rf1 Rf7 23. fxe6 Nxe6 24. Nd5 Bxd5 25. exd5 Nd4 26. Kh1 Qd8 27. Qd2 Qd7 28. h3 Qd8 29. Qf2 f5 30. Be3 Rxa3 31. Bxd4 cxd4 32. Be4 f4 33. h4 Rfa7 34. g5 Bc5 35. Qe2 Qd7 36. Qf3 Ra2 37. Rf2 Rxf2 38. Qxf2 Qh3+ 39. Qh2 Qe3 40. Qg1 Qe2 41. Qg2 Qxg2+ 42. Kxg2 Ra2+ 43. Kh3 Kf7 44. Rg1 Ke7 45. Rg2 Ra8 46. Rb2 Ra3 47. Kg4 Ra1 48. h5 Rg1+ 49. Rg2 Rf1 50. hxg6 hxg6 51. Rb2 Rg1+ 52. Rg2 Rf1 53. Rh2 Bb4 54. Rg2 Be1 55. Rb2 Ba5 56. Rg2 Kd6 57. Rb2 Ke7 58. Ra2 Bb4 59. Rb2 Ba3 60. Ra2 Bc1 61. Rc2 Be3 62. Rb2 f3 63. Bxf3 Bf4 64. Be4 Bc1 65. d6+ Kd7 66. Rxb6 Rg1+ 67. Kh3 Ba3 68. Rb7+ Kxd6 69. Rb6+ Kd7 70. Rxg6 1/2-1/2

[Event "ESP-chT Premier North"]
[Site "Barcelona"]
[Date "2005.08.14"]
[Round "6"]
[White "Diaz Sanchez, Jose Francisco"]
[Black "Menendez Rey, Francisco Javier"]
[Result "0-1"]
[WhiteElo "2019"]
[BlackElo "2218"]
[PlyCount "44"]
[EventDate "2005.08.01"]
[EventType "team"]
[EventRounds "6"]
[EventCountry "ESP"]
[SourceTitle "CBM 107 Extra"]
[Source "ChessBase"]
[SourceDate "2005.09.01"]
[SourceVersion "1"]
[SourceVersionDate "2005.09.01"]
[SourceQuality "1"]

1. e4 e6 2. d4 d5 3. exd5 exd5 4. Bd3 c5 5. dxc5 Bxc5 6. h3 Nf6 7. Nf3 0-0 8. 0-0 Ne4 9. c3 Nc6 10. Nbd2 f5 11. Nb3 Bb6 12. Bf4 g5 13. Bxe4 fxe4 14. Bxg5 Qd6 15. Nfd4 Bc7 16. g3 Qg6 17. Bh4 Bxh3 18. Nb5 Bb6 19. Qxd5+ Kh8 20. N5d4 Rae8 21. Rfe1 Re5 22. Qc4 Rh5 0-1

[Event "Asturias-ch Primera"]
[Site "Oviedo"]
[Date "2005.01.29"]
[Round "2"]
[White "Madera Fernandez, Francisco Javier"]
[Black "Menendez Rey, Francisco Javier"]
[Result "0-1"]
[WhiteElo "1876"]
[BlackElo "2205"]
[PlyCount "42"]
[EventDate "2005.01.22"]
[EventType "swiss"]
[EventRounds "11"]
[EventCountry "ESP"]
[SourceTitle "EXT 2006"]
[Source "ChessBase"]
[SourceDate "2005.11.24"]
[SourceVersion "1"]
[SourceVersionDate "2005.11.24"]
[SourceQuality "1"]

1. e4 Nf6 2. Nc3 d5 3. e5 Ne4 4. Nce2 d4 5. d3 Nc5 6. Nf3 Nc6 7. b3 Bg4 8. Bb2 Ne6 9. Ng3 Nxe5 10. Qe2 Qd5 11. Qxe5 Bxf3 12. Qxd5 Bxd5 13. c4 dxc3 14. Bxc3 0-0-0 15. 0-0-0 Rg8 16. Nf5 g6 17. Ne3 Bc6 18. d4 Nf4 19. h4 h5 20. Rg1 e6 21. g4 Bf3 0-1

[Event "Asturias-chT final"]
[Site "Asturias"]
[Date "2004.01.31"]
[Round "1"]
[White "Menendez Rey, Francisco Javier"]
[Black "Lobo Rodriguez, Jesus Angel"]
[Result "0-1"]
[WhiteElo "2228"]
[BlackElo "2261"]
[PlyCount "60"]
[EventDate "2004.01.??"]
[EventType "team"]
[EventRounds "3"]
[EventCountry "ESP"]
[SourceTitle "EXT 2006"]
[Source "ChessBase"]
[SourceDate "2005.11.24"]
[SourceVersion "1"]
[SourceVersionDate "2005.11.24"]
[SourceQuality "1"]

1. e4 c5 2. Nc3 Nc6 3. Bb5 Nd4 4. Bc4 e6 5. Nf3 Nf6 6. 0-0 a6 7. a4 d5 8. exd5 exd5 9. Nxd5 Nxd5 10. Nxd4 cxd4 11. Qh5 Be6 12. Re1 Nf4 13. Qf3 Be7 14. Qxb7 Qc8 15. Qe4 0-0 16. Qxd4 Qxc4 17. Qxc4 Bxc4 18. d3 Nxd3 19. Rxe7 Nxc1 20. Rxc1 Rac8 21. Re3 Rfd8 22. Rc3 Be6 23. Rxc8 Rxc8 24. a5 Bb3 25. c3 Rc5 26. Ra1 Re5 27. h3 Re2 28. Rb1 Kf8 29. Kf1 Bc4 30. Kg1 Ba2 0-1

[Event "Asturias-chT Preferente 0304"]
[Site "Asturias"]
[Date "2003.12.12"]
[Round "5"]
[White "Menendez Rey, Francisco Javier"]
[Black "Oliveros Alvarez, Daniel"]
[Result "1-0"]
[WhiteElo "2205"]
[BlackElo "1920"]
[PlyCount "89"]
[EventDate "2003.??.??"]
[EventType "team"]
[EventRounds "7"]
[EventCountry "ESP"]
[SourceTitle "EXT 2007"]
[Source "ChessBase"]
[SourceDate "2006.11.23"]
[SourceVersion "1"]
[SourceVersionDate "2006.11.23"]
[SourceQuality "1"]

1. e4 e6 2. d4 d5 3. Nc3 Bb4 4. exd5 exd5 5. Bd3 Ne7 6. Qh5 Nbc6 7. a3 Bd6 8. Nge2 Be6 9. Nb5 g6 10. Qf3 Nf5 11. Nxd6+ Nxd6 12. 0-0 Qe7 13. Bh6 f5 14. Qe3 Bd7 15. Qc1 0-0-0 16. Bg5 Qg7 17. Bxd8 Rxd8 18. c3 g5 19. Qc2 Rf8 20. f4 g4 21. Rae1 Ne7 22. Kh1 Ng6 23. c4 dxc4 24. Bxc4 Ne4 25. Nc3 Qh6 26. Nxe4 fxe4 27. g3 Ne7 28. Qxe4 Bc6 29. d5 Nf5 30. Qd3 Bd7 31. Qc3 Qb6 32. Qb4 Qxb4 33. axb4 Nd6 34. Bd3 h6 35. Re7 Bf5 36. Bxf5+ Nxf5 37. Re5 Kd7 38. Rd1 Rf6 39. Kg2 Nd6 40. Rde1 Rf7 41. Re6 Nf5 42. R1e5 h5 43. Rg6 a6 44. Rg5 Ng7 45. Kf2 1-0